Southville International School and Colleges
Your cart is empty.
  • Cart
  • Lists
    Public lists Eva Luna New books Lux_list list_1
    Your lists Log in to create your own lists
  • Log in to your account
  • Your cookies
  • Search history
Southville International School and Colleges
  • Advanced search
  • Recent comments
  • Most popular
  • Libraries

Log in to your account

Log in with GOOGLE


If you do not have an external account, but do have a local account, you can still log in:

  1. Home
  2. MARC view: Principles of learning and behavior /
Normal view MARC view ISBD view

Principles of learning and behavior / (Record no. 277375)

[ view plain ]
MARC details
000 -LEADER
fixed length control field 01208cam a2200349 a 4500
001 - CONTROL NUMBER
control field 17789127
003 - CONTROL NUMBER IDENTIFIER
control field PILC
005 - DATE AND TIME OF LATEST TRANSACTION
control field 20160204141244.0
008 - FIXED-LENGTH DATA ELEMENTS--GENERAL INFORMATION
fixed length control field 130624s2015 ctua b 001 0 eng d
010 ## - LIBRARY OF CONGRESS CONTROL NUMBER
LC control number 2013943623
020 ## - INTERNATIONAL STANDARD BOOK NUMBER
International Standard Book Number 1285088565 (hbk.)
020 ## - INTERNATIONAL STANDARD BOOK NUMBER
International Standard Book Number 9781285088563 (hbk.)
035 ## - SYSTEM CONTROL NUMBER
System control number (OCoLC)ocn868352362
040 ## - CATALOGING SOURCE
Original cataloging agency HLQ
Transcribing agency HLQ
Modifying agency YDXCP
-- DLC
042 ## - AUTHENTICATION CODE
Authentication code lccopycat
050 00 - LIBRARY OF CONGRESS CALL NUMBER
Classification number BF 319
Item number .D65 2015
100 1# - MAIN ENTRY--PERSONAL NAME
Personal name Domjan, Michael,
Dates associated with a name 1947-
245 10 - TITLE STATEMENT
Title Principles of learning and behavior /
Statement of responsibility, etc Michael Domjan ; with neuroscience contributions by James W. Grau.
250 ## - EDITION STATEMENT
Edition statement 7th edition.
260 ## - PUBLICATION, DISTRIBUTION, ETC. (IMPRINT)
Place of publication, distribution, etc Stamford, CT :
Name of publisher, distributor, etc Cengage Learning,
Date of publication, distribution, etc 2015.
300 ## - PHYSICAL DESCRIPTION
Extent xiv, 433 pages :
Other physical details illustrations ;
Dimensions 27 cm.
500 ## - GENERAL NOTE
General note Includes bibliographical references and indexes.
521 ## - TARGET AUDIENCE NOTE
Target audience note Psychology
650 #0 - SUBJECT ADDED ENTRY--TOPICAL TERM
Topical term or geographic name as entry element Conditioned response.
650 #0 - SUBJECT ADDED ENTRY--TOPICAL TERM
Topical term or geographic name as entry element Learning, Psychology of.
650 #0 - SUBJECT ADDED ENTRY--TOPICAL TERM
Topical term or geographic name as entry element Behaviorism (Psychology).
700 1# - ADDED ENTRY--PERSONAL NAME
Personal name Grau, James W.
906 ## - LOCAL DATA ELEMENT F, LDF (RLIN)
a 7
b cbc
c copycat
d 2
e ncip
f 20
g y-gencatlg
942 ## - ADDED ENTRY ELEMENTS (KOHA)
Source of classification or shelving scheme Library of Congress Classification
Koha item type Books
Call number prefix Foreign
Holdings
Withdrawn status Lost status Source of classification or shelving scheme Damaged status Home library Current library Shelving location Date acquired Source of acquisition Sub Shelving location Total Checkouts Total Renewals Full call number Barcode Date last seen Date checked out Price effective from Koha item type
    Library of Congress Classification   College Library College Library Reserve Section 01/22/2015 Library Fund   3 3 BF 319 .D65 2015 C19080 05/15/2018 01/15/2018 01/22/2015 Books

Principles of learning and behavior /

APA

Domjan M., Grau J. W., . (2015). Principles of learning and behavior. Stamford, CT: Cengage Learning.

Chicago

Domjan Michael, Grau James W, . 2015. Principles of learning and behavior. Stamford, CT: Cengage Learning.

Harvard

Domjan M., Grau J. W., . (2015). Principles of learning and behavior. Stamford, CT: Cengage Learning.

MLA

Domjan Michael, Grau James W, . Principles of learning and behavior. Stamford, CT: Cengage Learning. 2015.

  • Place hold
  • Print
  • Cite
  • Add to your cart (remove)
  • Save record
    BIBTEX Dublin Core MARCXML MARC (non-Unicode/MARC-8) MARC (Unicode/UTF-8) MARC (Unicode/UTF-8, Standard) MODS (XML) RIS
  • More searches
    Search for this title in:
    Other Libraries (WorldCat) Other Databases (Google Scholar) Online Stores (Bookfinder.com) Open Library (openlibrary.org)

Exporting to Dublin Core...

SOUTHVILLE LIBRARY

Southville International School and Colleges Library

1281 Tropical Ave. Cor. Luxembourg St., BF Homes International, Las Pinas City

Tel. No. 8256374 / 252358 Loc. 117/146

Powered by Koha